Estatutos revisados de la Mutualidad Nacional de Previsión de la Administración Local : Orden de 9-12-1975 y recopilación de normas complementarias con acotaciones y comentarios Orden de 9-12-1975 y recopilación de normas complementarias con acotaciones y comentarios
ISBN:
84-400-9557-0
Descripción Física:
166 p. ; 17 cm
Colección:
Colección manuales ; 5
MARC
| LEADER | 00000nam a2200000Ia 4500 | ||
|---|---|---|---|
| 001 | 14271 | ||
| 008 | 160829s9999 xx 000 0 cat d | ||
| 020 | |a 84-400-9557-0 | ||
| 080 | |a M-4-186 | ||
| 110 | 2 | |a Mutualidad Nacional de Previsión de la Administración Local |9 56293 | |
| 245 | |a Estatutos revisados de la Mutualidad Nacional de Previsión de la Administración Local : |b Orden de 9-12-1975 y recopilación de normas complementarias con acotaciones y comentarios | ||
| 260 | |a Madrid : |b Asistencia Técnica al Municipio, DL 1976 | ||
| 300 | |a 166 p. ; |c 17 cm | ||
| 490 | |a Colección manuales ; 5 | ||
| 610 | 2 | 0 | |a Mutualidad Nacional de Previsión de la Administración Local |v Estatuts |9 56294 |
| 901 | |a Arxiu | ||
| 942 | |n 1 | ||
| 952 | |0 0 |1 0 |4 0 |6 M4186 |7 1 |9 41730 |a Arxiu |b Arxiu |d 2016-12-01 |l 0 |o M-4-186 |p 14271 |r 2016-12-01 00:00:00 |w 2016-12-01 |y ARXIU | ||
| 999 | |c 43620 |d 43620 | ||